| 000 | 00544nam a2200169 i 4500 | ||
|---|---|---|---|
| 001 | 150312 | ||
| 003 | ES-MaACL | ||
| 005 | 20230906203445.0 | ||
| 007 | t| | ||
| 008 | 071029s1915 sp ||||1| cat d | ||
| 100 | 1 |
_aVallés, Emili. _9112876 |
|
| 245 | 1 | 0 |
_aPal·las diccionari català-castellà-francès _b: amb vocabularis castellà-català i francès-català / _cper E. Vallès. |
| 260 |
_aBarcelona : _bHorta, _c[1915?] |
||
| 300 |
_a1296 p. ; _c25 cm. |
||
| 650 | 4 |
_aLengua catalana- _vDiccionarios. _914102 |
|
| 852 |
_aES-MaACL _jA-2346 |
||
| 999 |
_c150312 _d150312 |
||